| 000 | 00444nam a22001577a 4500 | ||
|---|---|---|---|
| 008 | 250916b |||||||| |||| 00| 0 eng d | ||
| 020 | _a9781119716006 | ||
| 082 | _a571.6 IWA | ||
| 100 | _aIwasa, Janet; Marshall, Wallace;. | ||
| 245 | _aKarp's cell and molecular biology | ||
| 250 | _a9th | ||
| 260 |
_aSan Francico _bWiley _c2020 |
||
| 300 | _a866 | ||
| 650 | _aSchool of Basic and Applied Science | ||
| 942 | _cR | ||
| 999 |
_c63762 _d63762 |
||